000 00843cad a22001935a 4500
001 L151660
008 101126e20101126xxk 000 0 eng d
035 _a(Sirsi) u151660
041 0 _aeng
245 0 4 _aThe art of property management
_h[electronic resource]
260 _c2010
490 4 _aThe Negotiator E-newsletter
_v26 November 2010
520 _aOutlines opportunities for letting agents to build up a portfolio of managed properties including marketing services to potential landlords, allowing landlords to view their accounts on line and rent guarantee schemes.
590 _aKA
651 4 _aUnited Kingdom
_y
690 _aResidential property
_96266
856 4 0 _uhttps://www.negotiator-magazine.co.uk/article/the-art-of-property-management-1571
_zView this item free of charge at www.negotiator-magazine.co.uk
942 _n0
999 _c82833
_d82833